000 00920nam a2200253Ia 4500
003 OSt
005 20220923225456.0
006 a|||||r|||| 00| 0
007 ta
008 220922b |||||||| |||| 00| 0 san d
024 _a268,778
037 _cTextual
040 _aARTS
_cARTS
_bsan
041 _2san
_asan
082 _aQ23:2291, 152N2
100 _aत्रिपाठी, ब्रह्मानन्द
245 0 _aशिवमहापुराणम्
246 _aShivahināpurāṇam
260 _aदिल्ली
_b चौखम्बा संस्कृत प्रतिष्ठान
_c1992
490 _aव्रजजीवन प्राच्यभारती ग्रन्थमाला; 72
650 _aधर्म
942 _hQ23:2291, 152N2
_cTEXL
_2CC
999 _c378487
_d378487